| 000 | 03533nam0a2200445 4500 | ||
|---|---|---|---|
| 001 | RU\NLR\BIBL_A\012818973 | ||
| 005 | 20260408082126.0 | ||
| 010 |
_a9785604030240 _9500 |
||
| 021 |
_aRU _b2022-17922 _9КН-П-1545 |
||
| 035 | _a(RuMoRGB)011018211 | ||
| 035 | _a(NLR Aleph) 012818973 | ||
| 090 |
_a12310477 _c12310477 |
||
| 100 | _a20220615d2020 k y0rusy50 ca | ||
| 101 | 0 | _arus | |
| 102 | _aRU | ||
| 105 | _ay z 000zy | ||
| 181 | 0 |
_ai _baxxe |
|
| 182 | 0 | _an | |
| 200 | 1 |
_aАктуальные вопросы преподавания педагогических дисциплин в системе профессионального образования в сфере физической культуры и спорта _eмонография _fТ. Е. Баева, Э. И. Белогородцева, И. П. Гомзякова [и др.] _gпод ред. В. И. Криличевского, Н. Г. Закревской _gФедеральное государственное бюджетное образовательное учреждение высшего образования "Национальный государственный университет физической культуры, спорта и здоровья имени П. Ф. Лесгафта, Санкт-Петербург" |
|
| 203 |
_aТекст _bвизуальный _cнепосредственный |
||
| 210 |
_aСанкт-Петербург _cКинетика _d2020 |
||
| 215 |
_a201 с. _cтабл. _d21 |
||
| 300 | _aАвт. указаны на обороте тит. с. | ||
| 320 | _aБиблиогр.: с. 185-201 (67 назв.) и в конце разд. | ||
| 330 | _aВ монографии раскрываются современные аспекты дидактико-практического характера по авторским методикам преподавания педагогических дисциплин; по вопросам формирования профессиональных компетенций у обучающихся в области физической культуры и спорта; по исследованию инновационных методов в системе профессионального образования в сфере физической культуры и спорта | ||
| 606 | 1 |
_aПедагогика _xПреподавание _xВысшие учебные заведения физической культуры, спорта и туризма _92519408 _3RU\NLR\AUTH\6601707540 |
|
| 606 | 1 |
_aФизическая культура и спорт _xКадры _xПодготовка _91175591 _3RU\NLR\AUTH\66472345 |
|
| 675 |
_a378.637.016:796.01 _v4 |
||
| 686 | 1 | _aЧ489.53 | |
| 686 | 1 | _aЧ486.63 | |
| 701 | 1 |
_aБаева _bТ. Е. _gТатьяна Евгеньевна |
|
| 701 | 1 |
_aБелогородцева _bЭ.И. _gЭльвира Ивановна |
|
| 701 | 1 |
_aГомзякова _bИ. П. _gИнга Петровна |
|
| 702 | 1 |
_aКриличевский _bВ. И. _gВладимир Иванович _4340 |
|
| 712 | 0 | 2 |
_4570 _aНациональный государственный университет физической культуры, спорта и здоровья им. П. Ф. Лесгафта _cСанкт-Петербург _3RU\NLR\AUTH\8810137690 _9770784 |
| 942 | _cBOOK | ||
| 980 | _aNBR | ||